1832 1362 1512 1386 1431 2000 1671 1145 1587 1596 1133 1471 1440 1868 1107 1222 1557 1214 1254 1918 1268 1080 1714 1844 1269 1406 1674 1476 1383 1073 1590 1430 1879 1216 1245 1819 1051 1453 1125 1064 1736 1799 1347 1524 1619 1221 1893 1355 1297 1906 1705 1056 1623 1520 1806 1143 1054 1953 1216 1132 1073 1043 1006 1739 1969 1846 1367 1428 1411 1738 1532 1760 1823 1990 1188 1874 1476 1228 1314 1787 1611 1956 1534 1969 1332 1162 1587 1452 1634 1448 1563 1083 1237 1523 1279 1835 1942 1869 1175 BCNSPRNW ULIB Ver.6.0+V

เปลี่ยนเป็นภาษาไทย

Change to English
 แสดงรายละเอียดบรรณานุกรม
  กลับหน้าหลัก

Brief Record : Get Marc (ISO 2709) : E-mail record : QR code < ปิดหน้าต่าง
LEADER : 00000nam 2200000uu 4500
001    13399120983
003     ULIB
008    121029s2546||||th 000 0 tha d
020    ^a9749166043
020    ^a9789749166048
040    ^abrv
050  4 ^aHD4912.T5^bธ13ก
100 0  ^aธงชัย สันติวงษ์
245 10 ^aการบริหารค่าตอบแทน =^bCompensation Management /^cธงชัย สันติวงษ์
246 31 ^aCompensation Management
250    ^aพิมพ์ครั้งที่ 6
260    ^aกรุงเทพฯ :^bบริษัท ประชุมช่าง จำกัด,^c2546
300    ^a336 หน้า :^bภาพประกอบ ;^c24 ซม.
650  4 ^aการบริหารค่าตอบแทน
650  4 ^aค่าจ้าง
945    ^p140^l0^i16604
995    ^aทศพร
999    ^aทศพร เกษรทอง
รายการนี้ยังไม่มีแท็ก
คุณยังไม่ได้ล็อกอิน คุณสามารถมีกิจกรรมร่วมกับเว็บไซต์ได้ แต่ต้องล็อกอินก่อน ::
  ล็อกอิน

รายการสื่อสารสนเทศ

ลำดับที่ ประเภท เลขเรียก/บาร์โค้ด สถานที่ สถานะ
1. วิทยาศาสตร์การแพทย์ และสุขภาพ
วิทยาศาสตร์การแพทย์ และสุขภาพ
HD4912.T5 ธ13ก ฉ.1 
  Barcode: 16604
ห้องสมุดวิทยาเขตสวรรค์ประชารักษ์
►หนังสือทั่วไป
บนชั้น

รายการใกล้เคียง
    ผู้แต่ง [ธงชัย สันติวงษ์]

    หัวเรื่อง [การบริหารค่าตอบแทน]
    หัวเรื่อง [ค่าจ้าง]

BibComment


ยังไม่เคยถูกคอมเมนท์

คอมเมนท์ทรัพยากรรายการนี้
  คอมเมนท์: การบริหารค่าตอบแ..


 Copyright 2026. Bcnsprnw @Library